Algunas observaciones sobre Germani, el surgimiento del peronismo y los migrantes internos (Registro nro. 16208)

Detalles MARC
000 -LEADER
fixed length control field 00387 a2200109 4500
001 - CONTROL NUMBER
control field ART_3172
005 - DATE AND TIME OF LATEST TRANSACTION
control field 20260410161712.0
008 - FIXED-LENGTH DATA ELEMENTS--GENERAL INFORMATION
fixed length control field 260409a
100 1# - MAIN ENTRY--PERSONAL NAME
Personal name Halperin Donghi, Tulio
245 10 - TITLE STATEMENT
Title Algunas observaciones sobre Germani, el surgimiento del peronismo y los migrantes internos
773 0# - HOST ITEM ENTRY
Title Desarrollo económico
Related parts - Vol. 14, Nº 56 (ene./mar. 1975)
Record control number REV1174

No hay ítems disponibles.